Introduction to Condensed Matter Physics Vol. 1
Na minha lista:
| Main Authors: | , |
|---|---|
| Formato: | Livro |
| Idioma: | inglês |
| Publicado em: |
New Jersey
World Scientific
2005
|
| Assuntos: | |
| Tags: |
Sem tags, seja o primeiro a adicionar uma tag!
|
MARC
| LEADER | 00000nam a22000003a 4500 | ||
|---|---|---|---|
| 001 | 0079712 | ||
| 003 | SK-STU | ||
| 005 | 20200121141754.3 | ||
| 007 | ta | ||
| 008 | 200121s ----xo-----e------000-0-----d | ||
| 020 | |a 978-981-256-070-4 | ||
| 040 | |a STU |b slo | ||
| 041 | 0 | |a eng | |
| 044 | |a xxu | ||
| 100 | 1 | |a Duan, Feng |4 aut | |
| 245 | 1 | 0 | |a Introduction to Condensed Matter Physics |n Vol. 1 |
| 260 | |a New Jersey |b World Scientific |c 2005 | ||
| 300 | |a 591 s. | ||
| 650 | 0 | 7 | |a fyzika pevných látok |
| 700 | 1 | |a Guojun, Jin |4 aut | |
| 996 | |b 284M088307 |c M* 14299-1 |d Vol. 1 |l MMST |s A |a 24 |w 0079712_0001 | ||